| 000 | 01269pam a2200361 i 4500 | ||
|---|---|---|---|
| 999 |
_c10289 _d10289 |
||
| 001 | 19772823 | ||
| 003 | K235 REA 2017 | ||
| 005 | 20220112095222.0 | ||
| 008 | 170707s2017 onc b 000 0 eng | ||
| 010 | _a 2016299799 | ||
| 020 | _a9781554812523 (paperback) | ||
| 020 | _a1554812526 (paperback) | ||
| 040 |
_aDLC _beng _erda _cDLC |
||
| 042 | _apcc | ||
| 050 | 0 | 0 |
_aK235 _b.R3915 2017 |
| 245 | 0 | 0 |
_aReadings in the philosophy of law / _cedited by Keith C. Culver and Michael Giudice. |
| 250 | _aThird edition. | ||
| 264 | 1 |
_aPeterborough, Ontario : _bBroadview Press, _c[2017] |
|
| 300 |
_a505 pages ; _c24 cm. |
||
| 336 |
_atext _btxt _2rdacontent |
||
| 337 |
_aunmediated _bn _2rdamedia |
||
| 338 |
_avolume _bnc _2rdacarrier |
||
| 490 | 0 | _aBroadview readings in philosophy | |
| 500 | _aIncludes bibliographical references. | ||
| 504 | _aIncludes bibliographical references. | ||
| 650 | 0 |
_aLaw _xPhilosophy _vTextbooks. |
|
| 650 | 0 |
_aCommon law _vTextbooks. |
|
| 700 | 1 |
_aCulver, Keith Charles, _d1969- _eeditor. |
|
| 700 | 1 |
_aGiudice, Michael, _d1978- _eeditor. |
|
| 906 |
_a7 _bcbc _corigcop _d2 _encip _f20 _gy-gencatlg |
||
| 942 |
_2lcc _cBK _e3rd ed _h235 _iREA _kK |
||